فکر و نظر (Record no. 92321)

MARC details
000 -LEADER
fixed length control field 00653nam a22002057a 4500
005 - DATE AND TIME OF LATEST TRANSACTION
control field 20150319112824.0
008 - FIXED-LENGTH DATA ELEMENTS--GENERAL INFORMATION
fixed length control field 140714b xxu||||| |||| 00| 0 Urdu d
010 ## - LCCN (DPL NO)
LC control number UR-8742
020 q# - INTERNATIONAL STANDARD BOOK NUMBER
Terms of availability 200.00
International Standard Book Number 9789380299084
035 ## - SYSTEM CONTROL NUMBER
System control number U-7297
037 ## - SOURCE OF ACQUISITION
Source of stock number/acquisition DBAD/Pub.
040 ## - CATALOGING SOURCE
Original cataloging agency DPL
Language of cataloging Urdu
082 ## - DEWEY DECIMAL CLASSIFICATION NUMBER
Classification number 844
100 ## - MAIN ENTRY--PERSONAL NAME
Personal name ميمو نہ علی چو گلے
245 ## - TITLE STATEMENT
Title فکر و نظر
Remainder of title ميمو نہ علی چو گلے
246 ## - VARYING FORM OF TITLE
Title proper/short title Fikr -o- Nazar
Remainder of title Memoona Ali Chougley
260 ## - PUBLICATION, DISTRIBUTION, ETC. (IMPRINT)
Place of publication, distribution, etc 2253,Resham Street ,Kucha chelan,Darya Ganj New Delhi
Name of publisher, distributor, etc Shaid Publications
Date of publication, distribution, etc 2010
300 ## - PHYSICAL DESCRIPTION
Extent 187-ص
Other physical details 22cm(Pb)
942 ## - ADDED ENTRY ELEMENTS (KOHA)
Source of classification or shelving scheme Dewey Decimal Classification
Item type Urdu Bks
Classification part 844
Call number suffix م ے م
Holdings
Withdrawn status Lost status Source of classification or shelving scheme Damaged status Not for loan Collection code Home library Current library Date acquired Source of acquisition Cost, normal purchase price Total Checkouts Full call number Barcode Date last seen Copy number Cost, replacement price Koha item type
    Dewey Decimal Classification   Not For Loan Non-fiction D.B.Act.Division D.B.Act.Division 19/03/2015 DBAD/Pub. 200.00   844 م ے م U-7297 19/03/2015 1 200.00 Urdu Bks

© Delhi Public Library
Hit Counter
free hit counter